Word Ladder: President Names Quiz Stats

 Plays Quiz Updated Feb 26, 2018

Challenge
Share
Tweet
Embed
Score 0/16 Timer 02:00
2 Plays Today
Clue 6-Letter Rung % Correct
President Jimmy _____CARTER
95.3%
President _____ ClevelandGROVER
94.7%
Prison chiefWARDEN
86.4%
Eden, for oneGARDEN
86.3%
Stocking supporterGARTER
85.8%
BookwormREADER
84.6%
President _____ HardingWARREN
83.7%
More courageous and daringBRAVER
83.1%
Clue 6-Letter Rung % Correct
More seriousGRAVER
82%
Horse's gaitCANTER
80.2%
Lease signerRENTER
78.6%
Football positionCENTER
78.4%
Necklace decoratorBEADER
77.9%
Title boy in an old sitcomBEAVER
77.8%
Ina of Food Network's ''Barefoot Contessa''GARTEN
77.7%
Melt down, as lardRENDER
76.9%

Today's Daily Dose

You're not logged in!

Compare scores with friends on all Sporcle quizzes.
OR
Log In

You Might Also Like...

Show Comments

Extras

Top Quizzes Today


Score Distribution

Your Account Isn't Verified!

In order to create a playlist on Sporcle, you need to verify the email address you used during registration. Go to your Sporcle Settings to finish the process.

Report this User

Report this user for behavior that violates our Community Guidelines.

Details: